| 000 | 00768cam a2200217 4500 | ||
|---|---|---|---|
| 001 | X113471 | ||
| 008 | 000000n2001 000 0 eng u | ||
| 035 | _a(Sirsi) u113471 | ||
| 100 | _aTebbutt-Russell, A. | ||
| 245 | _aMixmaster | ||
| 260 | _c2001 | ||
| 490 |
_aBuilding Homes _v(6) June 2001, 47(1) |
||
| 520 | _aOutlines how statistical predictive modelling, combining demographic data on potential customers, housing types, location and branding etc, can help housebuilders to determine the most profitable product mix for any given site. | ||
| 650 | _aHOUSE BUILDERS | ||
| 650 | _aHOUSE BUILDING | ||
| 650 | _aHOUSING MIX | ||
| 650 | _aSTATISTICAL MODELS | ||
| 650 | _aSTATISTICAL PREDICTIVE MODELLING | ||
| 690 | _aHOUSING-DEVELOPMENT | ||
| 942 | _n0 | ||
| 999 |
_c67603 _d67603 |
||